000 00308nam a22001217a 4500
008 181127b xxu||||| |||| 00| 0 eng d
041 _aeng
080 _a043.3
100 _a0
101 _aBTH-SHP
245 _aExtraversion, trust in institutions and support for EU Membership
_cArifi, A
942 _2udc
_cBK
999 _c52599
_d52599